000 03475cam a22012494i 4500
003 PE-LiUPU
005 20250813185431.0
008 190808s2018 ag rb 000 0 spa d
020 _a9877601419
020 _a9789877601411
035 _a(Sirsi) a252433
040 _aPE-LiUPU
_bspa
_cPE-LiUPU
_erda
049 _aPRUA
082 0 4 _a302.2
_bA1
_223
245 0 0 _aAbuso mediático :
_blos rostros de las violencias en los medios y producción de subjetividades /
_ceditores, Georgina Remondino, Ana Cilimbini y Cristina Petit.
264 1 _aCórdoba :
_bBrujas,
_c2018.
300 _a198 páginas ;
_c23 centímetros
336 _atext
_2rdacontent
337 _aunmediated
_2rdamedia
338 _avolume
_2rdacarrier
504 _aBibliografía al final de cada capítulo.
505 0 _aEl abuso mediático y las violencias "desde el barrio" -- Migración y medios: aportes de las investigaciones en argentina a su comprensión y problematización -- De víctimas y victimaria: noticas sobre caso de abusos sexuales contra niñas y adolescentes en medios gráficos de San juan de argentina -- Violencia, espectáculo y solidaridad. La construcción ideológica del "trapito baleado" en la prensa de villa maría (Córdova Argentina)..
526 _aP202
526 _aP201
526 _aP163
526 _aP162
526 _aP161
526 _aP160
526 _aP148
526 _aP147
526 _aP146
526 _aP145
526 _aP144
526 _aP143
526 _aP142
526 _aP141
526 _aP140
526 _aP139
526 _aP138
526 _aP137
526 _aP136
526 _aP135
526 _aP134
526 _aP133
526 _aP129
526 _aP128
526 _aP127
526 _aP120
526 _aP119
526 _aP118
526 _aP116
526 _aP115
526 _aP114
526 _aP110
526 _aP109
526 _aP108
526 _aP104
526 _aP103
526 _aP102
526 _aP99
526 _aP98
526 _aP97
526 _aP96
526 _aP95
526 _aP93
526 _aP90
526 _aP89
526 _aP88
526 _aP83
526 _aP82
526 _aP62
526 _aP59
526 _aP58
526 _aP57
526 _aP51
526 _aP49
526 _aP48
526 _aP47
526 _aP29
526 _aP24
526 _aP20
526 _aP19
526 _aP17
526 _aP15
526 _aP14
526 _aP12
526 _aP10
526 _aP09
526 _aP08
526 _aP07
526 _aP06
526 _aP05
526 _aP04
526 _aP01
541 _g002-00001572;
650 1 7 _aViolencia
_xEn los medios de comunicación sociall
_2embne
650 2 4 _aViolencia
_xAspectos sociales.
650 2 4 _aMedios de comunicación de masas
_xAspectos psicológicos.
700 1 _aCilimbini, Ana Luisa,
_eeditor.
700 1 _aRemondino, Georgina,
_eeditor.
700 1 _aPetit, Cristina M.,
_eeditor.
910 _abgr
_bksl
_cksl
_d20190808
942 _2ddc
_cBOOK
994 _aC0
_bPEPRU
596 _a1
999 _a302.2 A1
_wDEWEY
_c31660
_i80511
_f2021-11-4
_g3
_lCCODEBUL1
_mBUL
_p12.39
_r0
_sY
_tBOOK
_u2019-8-8
_xBIBLIOTECA
_PP33
_0COMPRA
_1FCOMPR3
_o.STAFF. Colección Ciencias de la Salud
_d31660
980 _81
_gALBERTO SANCHEZ Responsable de Automatización